Geschichte der Gesellschaft Jesu in religiöser, politischer und literärischer Beziehung nach authentischen und noch nicht veröffentlicheten Urkunden Erster Band

Podrobná bibliografia
Hlavný autor: Cretineau-Joly, J. (Autor)
Korporatívny autor: Mechitaristen-Buchdruckerei (Viedeň, Rakúsko) (Tlačiar)
Médium: Kniha
Jazyk:nemčina
francúzština
Fyzický popis:[3], 466, [4] s. 8° (21x14 cm)
Vydavateľské údaje: [Wien] [Mechitaristen] 1845
Vydanie:Nach dem Französischen frei bearbeitet
Predmet:

MARC

LEADER 00000cam a2200000 a 4500
001 vtls009933127
003 SK-MaSNL
005 20260301212326.0
008 251112s1845 au 000 0 ger
015 |a SNBHFA1845 
020 |q (viaz.) 
035 |a urn:nbn:sk:snk-amyfvu 
035 |a urn:nbn:sk:snk-am00cme1 
035 |a 85B6CE3D-A873-43AA-A51E-DFFCF9003E67 
040 |a SNK  |b slo  |c SNK  |e AACR2 
041 0 |a ger  |h fre 
044 |a au  |c AT 
072 7 |a 27-78  |x Kresťanské združenia, spolky a organizácie. Rehoľné rády  |2 konspekt 
080 |a 27-789.5  |2 2001 
080 |a 27-788  |2 2001 
080 |a 93/94  |2 2001 
100 1 |a Cretineau-Joly, J.  |4 aut  |9 322892 
245 1 0 |a Geschichte der Gesellschaft Jesu in religiöser, politischer und literärischer Beziehung nach authentischen und noch nicht veröffentlicheten Urkunden  |n Erster Band  |c Verfasst von J. Cretineau=Joly ; Nach dem Französischen frei bearbeitet 
246 0 8 |a Cretineau Gesellschaft Jesu  |n I 
250 |a Nach dem Französischen frei bearbeitet 
260 |a [Wien]  |b [Mechitaristen]  |c 1845 
300 |a [3], 466, [4] s.  |c 8° (21x14 cm) 
500 |a Pečiatka knižnice banskobystrického biskupského seminára. 
500 |a Údaje o vydavateľovi a mieste vydania sú prevzaté z katalógu Matice slovenskej 
541 |c v správe ŠVK Banská Bystrica  |f Rímskokatolícky biskupský úrad Banská Bystrica 
546 |a Nemčina  |b Fraktúra 
561 |a Knižnica banskobystrického biskupského seminára  |5 ŠVKBB 
561 |a Miestny odbor Matice slovenskej, Bratislava  |5 ŠVKBB 
561 |a [Slovenská národná knižnica v Matici slovenskej, Martin]  |5 ŠVKBB 
561 |a Okrúhla pečiatka: Rimely Károly Lekéri Apát.  |5 SNK IC 141995/1 
610 2 7 |a Jezuiti  |2 SNKKA  |9 30953 
650 0 7 |a rehoľné rády  |2 SNKPH  |9 67509 
650 0 7 |a dejiny  |2 SNKPh  |9 3825 
700 1 |a Rimely, Karol,  |d 1825-1904  |4 fmo  |9 177562 
710 2 |a Mechitaristen-Buchdruckerei (Viedeň, Rakúsko),  |d 1811-1873  |4 prt  |9 159452 
752 |a Rakúsko  |d Viedeň 
852 |a študovňa historických knižných fondov  |b Seminárna knižnica 
852 |a snk  |b Historické fondy  |p IC 141995/1 
958 |a ONDV 
999 |c 917859  |d 919789 
952 |t RI 26  |a SNK  |b SNK  |c SNK_HF  |y PREZ  |7 0  |p 17A1127466  |o snkIC 141995/1  |i snk2015/19962  |8 5  |z RI 26  |0 0  |1 0  |4 0  |d 2015-06-29  |f 1  |l 0  |r 2026-02-24 08:06:01  |w 2026-02-24